000 00347nam a2200145Ia 4500
005 20251222144810.0
008 251222s9999||||xx |||||||||||||| ||spa||
020 _a84-206-2100-5
082 _a150/P59
100 _aPinillos, José Luis
245 0 _aPrincipios de PsicologĂ­a
250 _a6a.ed.
264 _bAlianza Editorial
942 _cLIB
999 _c20090
_d20090